Thailand and Asean economic cooperation

Uloženo v:
Podrobná bibliografie
Hlavní autor: Narongchai Akrasanee
Médium: Kniha
Jazyk:Undetermined
Vydáno: Bangkok United Nations Asian and pacific Development Institute 1980
Témata:
Tagy: Přidat tag
Žádné tagy, Buďte první, kdo otaguje tento záznam!
Thư viện lưu trữ: Trung tâm Học liệu Trường Đại học Cần Thơ
LEADER 00661nam a2200205Ia 4500
001 CTU_90584
008 210402s9999 xx 000 0 und d
082 |a 337.593059 
082 |b A315 
100 |a Narongchai Akrasanee 
245 0 |a Thailand and Asean economic cooperation 
245 0 |c Narongchai Akrasanee 
260 |a Bangkok 
260 |b United Nations Asian and pacific Development Institute 
260 |c 1980 
650 |a thailand,asia, southeastern 
650 |x foreign economic relations,foreign economic relations 
650 |z asia, southeastern,thailand 
904 |i Mai Loan 
980 |a Trung tâm Học liệu Trường Đại học Cần Thơ